| LEADER |
00723nam0a2200205 450 |
| 001 |
16823319 |
| 010 |
|
|
|a 978-2-84865-813-1
|b br.
|d 10,9
|
| 100 |
|
|
|a 20150904d2026 u u0frey01 ba
|
| 101 |
0 |
|
|a fre
|
| 102 |
|
|
|a FR
|
| 200 |
0 |
|
|a Il était 2 fois dans l'Ouest
|f Séverine Vidal
|g illustrations de Anne-Lise Combeaud
|
| 207 |
|
1 |
|a
|
| 210 |
|
|
|a [Paris]
|c Editions Sarbacane
|d DL 2015
|
| 215 |
|
|
|a 1 vol. ( 187 p.)
|c ill.
|d 21 cm
|
| 225 |
1 |
|
|a (Le )feuilleton des Incos
|
| 700 |
|
0 |
|a Vidal
|b Séverine
|c Auteur du texte
|f 1969-....
|4 70
|
| 702 |
|
0 |
|a Combeaud
|b Anne-Lise
|4 440
|
| 900 |
|
|
|a Roman enfant
|
| 901 |
|
|
|a Accessible au prêt
|
| 995 |
|
|
|a Bibliothèque
|c Bibliothèque
|f 024016548
|h 024016548
|k E C3 VID
|o p
|q j
|r az
|e Bibliothèque
|